000 01071nam a2200253Ia 4500
001 232.916-BAM fr ve (21121)
003 IT-MiSPE
008 171229s9999||||xx |||||||||||||| ||und||
040 _aIT-MiSPE
_cIT-MiSPE
041 _aITALIANO
100 _aFrancesco Bamonte
245 0 _aLa Vergine Maria e il diavolo negli esorcismi
250 _a1a ed. (v)
260 _aMilano
_bPaoline
_c2010
300 _a193 p.
_c21 cm
490 _aLibroteca P.
_v115
500 _aEsorcismi
501 _aEdizioni San Paolo srl - Piazza Soncino, 5 - 20092 CINISELLO BALSAMO (MI) (non commercial uses only) ® Copyright 2018
520 _aRenzo Lavatori (pref.)
700 _aRenzo Lavatori
942 _cBK
957 _71
999 _a9806
_bNO
_g Copie: 1
_c340556
_d340556